| 000 | 01057nam a2200205 4500 | ||
|---|---|---|---|
| 008 | 180523s2006 ag |||gr|||| 000 e spa d | ||
| 020 | _a9789871106172 | ||
| 041 | _aspa | ||
| 092 |
_c808 _l77 _sSAR |
||
| 100 | 1 |
_aSaramago, José _93296 |
|
| 245 |
_aEnsayo sobre la ceguera / _cJosé Saramago |
||
| 250 |
_a1a ed. 4ta reimp. _bTraducción Basilio Losada |
||
| 260 |
_aBuenos Aires: _bPunto de Lectura; _c2006. |
||
| 300 | _a439 p. | ||
| 500 | _aSaramago, J. (2006). Ensayo sobre la ceguera. (1a ed.). Buenos Aires : Punto de Lectura. | ||
| 505 | _aUna ceguera blanca se expande de manera fulminante. Internados en cuarentena o perdidos por la ciudad, los ciegos deben enfrentarse a lo más primitivo de la especia humana: la voluntad de sobrevivir a cualquier precio. José Saramago, Premio Nobel de Literatura 1998, teje una aterradora parábola acerca del ser humano, que encierra lo más sublime y miserable de nosotros mismos. | ||
| 590 | _aProyecto 4to libro, donación Victoria Lara, mayo 2018. | ||
| 655 |
_aLiteratura _92917 |
||
| 942 |
_2ddc _cLIT |
||
| 999 |
_c2761 _d2761 |
||